| 000 | 01213nam a22002777a 4500 | ||
|---|---|---|---|
| 003 | OSt | ||
| 005 | 20230316083213.0 | ||
| 007 | cr ||||||a|c|a | ||
| 008 | 230220s mx ad||fom||| 001 0 spa d | ||
| 040 | _erda | ||
| 100 | 1 |
_9129410 _aAyala Sierra, Enna Paloma |
|
| 245 | 1 |
_aExpansión del capital y refuncionalización del campesinado en la transición neoliberal Michoacán 2003-2014 / _cpor Enna Paloma Ayala Sierra; director de tesis Blanca Aurora Rubio Vega |
|
| 264 |
_aChapingo, México : _bEl autor, _c2021 |
||
| 300 | _a1 recurso en línea (343 páginas). | ||
| 336 |
_2rdacontent _atexto _btxt |
||
| 337 |
_2rdamedia _acomputadora _bc |
||
| 338 |
_2rdacarrier _arecurso en línea _bcr |
||
| 502 |
_bDCDRR _cCentros Regionales _d2021 _gDOC |
||
| 504 | _aIncluye referencias bibliográficas: páginas-329-338 | ||
| 650 | 2 |
_91269 _aAgricultura _xAspectos económicos _xMichoacán |
|
| 650 | 2 |
_918710 _aCapital en agricultura |
|
| 650 | 2 |
_957956 _aIndustrias agrícolas _xMichoacán |
|
| 700 | 1 |
_9145460 _aRubio Vega, Blanca Aurora _eDirector de tesis |
|
| 856 |
_uhttp://10.13.5.2/tesis/td/2021_CR_Ayala_Sierra_EnnaPaloma.pdf _zDESCARGAR PDF |
||
| 942 |
_2Clasificación Universidad Autónoma Chapingo _cTD |
||
| 999 |
_c218411 _d218411 |
||